| 000 | 00000nam 2200000za 4500 |
| 001 | 9.822158 |
| 003 | CaOODSP |
| 005 | 20221107143627 |
| 007 | cr ||||||||||| |
| 008 | 160808s1975 onc oz f000 0 fre d |
| 040 | |aCaOODSP|bfre |
| 041 | |aeng|afre |
| 043 | |an-cn--- |
| 086 | 1 |aE3-1974/6-PDF|zE3-1974/6 |
| 245 | 00|aTaxation |h[ressource électronique] : |bexchange of notes between Canada and the United States of Mexico = Impôt : échange de notes entre le Canada et les États-Unis du Mexique. |
| 246 | 31|aImpôt : |béchange de notes entre le Canada et les États-Unis du Mexique |
| 246 | 16|aÉchange de notes entre le gouvernement du Canada et le gouvernement des États-Unis du Mexique constituant un Accord tendant à éviter la double imposition des revenus provenant de l'exploitation en trafic international de navires ou d'aéronefs |
| 260 | |aOttawa : |bQueen's Printer = Imprimeur de la Reine, |cc1975. |
| 300 | |a7 p. |
| 490 | 1 |aTreaty series = Recueil des traités ; |v1974, n° 6 |
| 500 | |a« Mexique, D.F., et Tlatelolco, D.F., le 29 janvier 1974. En vigueur le 29 janvier 1974. A compter du 15 janvier 1973. » |
| 530 | |aÉgalement publ. en version imprimée. |
| 546 | |aTexte en anglais et en français. |
| 692 | 07|2gccst|aIndustrie du transport aérien |
| 692 | 07|2gccst|aIndustrie du transport maritime |
| 692 | 07|2gccst|aImpôt sur le revenu |
| 692 | 07|2gccst|aAccord international |
| 710 | 1 |aCanada. |bMinistère des affaires extérieures. |
| 791 | |tTaxation |eeng|w(CaOODSP)9.822157 |
| 830 | #0|aTreaty series = Recueil des traités ;|v1974, n° 6|w(CaOODSP)9.813202 |
| 856 | 40|qPDF|s528 Ko|uhttps://publications.gc.ca/collections/collection_2016/amc-gac/E3-1974-6.pdf |